Loading...

Bum Bum Hara Hara Bum Bum Bol

Bibliografiske detaljer
Hovedforfatter: Zacharia
Format: eBog
Sprog:Undetermined
Udgivet: Kottayam DC Books
Fag:
LEADER 00375nam a2200133Ia 4500
008 161116s9999 xx 000 0 und d
100 |a Zacharia 
245 |a Bum Bum Hara Hara Bum Bum Bol 
260 |b DC Books  |a Kottayam 
650 |a Travel 
650 |a Travelogue 
942 |c EB 
999 |c 118029  |d 118029 
952 |0 0  |1 0  |4 0  |7 0  |9 114786  |a MGUL  |b MGUL  |d 2016-11-16  |l 0  |r 2016-11-16  |w 2016-11-16  |y EB